<?xml version="1.0" encoding="UTF-8"?>
<record
    xmlns:xsi="http://www.w3.org/2001/XMLSchema-instance"
    xsi:schemaLocation="http://www.loc.gov/MARC21/slim http://www.loc.gov/standards/marcxml/schema/MARC21slim.xsd"
    xmlns="http://www.loc.gov/MARC21/slim">

  <leader>01892nam a22002657a 4500</leader>
  <datafield tag="999" ind1=" " ind2=" ">
    <subfield code="c">65960</subfield>
    <subfield code="d">65960</subfield>
  </datafield>
  <controlfield tag="005">20210706103315.0</controlfield>
  <controlfield tag="008">      s2554    th ||||| |||| 00| 0 tha d</controlfield>
  <datafield tag="040" ind1=" " ind2=" ">
    <subfield code="a">NALT</subfield>
  </datafield>
  <datafield tag="050" ind1=" " ind2=" ">
    <subfield code="a">TJ 811.5.T5 </subfield>
    <subfield code="b">&#xE1B;327&#xE01; 2554</subfield>
  </datafield>
  <datafield tag="100" ind1="0" ind2=" ">
    <subfield code="a">&#xE1B;&#xE23;&#xE30;&#xE2A;&#xE34;&#xE17;&#xE18;&#xE34;&#xE4C; &#xE18;&#xE19;&#xE32;&#xE23;&#xE31;&#xE01;&#xE29;&#xE4C;</subfield>
    <subfield code="9">35377</subfield>
  </datafield>
  <datafield tag="245" ind1="1" ind2="0">
    <subfield code="a">&#xE01;&#xE32;&#xE23;&#xE27;&#xE34;&#xE40;&#xE04;&#xE23;&#xE32;&#xE30;&#xE2B;&#xE4C;&#xE17;&#xE32;&#xE07;&#xE14;&#xE49;&#xE32;&#xE19;&#xE40;&#xE28;&#xE23;&#xE29;&#xE10;&#xE28;&#xE32;&#xE2A;&#xE15;&#xE23;&#xE4C;&#xE02;&#xE2D;&#xE07;&#xE01;&#xE32;&#xE23;&#xE25;&#xE14;&#xE01;&#xE32;&#xE23;&#xE1B;&#xE25;&#xE14;&#xE1B;&#xE25;&#xE48;&#xE2D;&#xE22;&#xE01;&#xE4A;&#xE32;&#xE0B;&#xE04;&#xE32;&#xE23;&#xE4C;&#xE1A;&#xE2D;&#xE19;&#xE44;&#xE14;&#xE2D;&#xE2D;&#xE01;&#xE44;&#xE0B;&#xE14;&#xE4C;&#xE08;&#xE32;&#xE01;&#xE42;&#xE23;&#xE07;&#xE44;&#xE1F;&#xE1F;&#xE49;&#xE32;&#xE40;&#xE0B;&#xE25;&#xE25;&#xE4C;&#xE41;&#xE2A;&#xE07;&#xE2D;&#xE32;&#xE17;&#xE34;&#xE15;&#xE22;&#xE4C;&#xE02;&#xE19;&#xE32;&#xE14;&#xE43;&#xE2B;&#xE0D;&#xE48;&#xE43;&#xE19;&#xE1B;&#xE23;&#xE30;&#xE40;&#xE17;&#xE28;&#xE44;&#xE17;&#xE22; /</subfield>
    <subfield code="c">&#xE1B;&#xE23;&#xE30;&#xE2A;&#xE34;&#xE17;&#xE18;&#xE34;&#xE4C; &#xE18;&#xE19;&#xE32;&#xE23;&#xE31;&#xE01;&#xE29;&#xE4C;, &#xE01;&#xE32;&#xE19;&#xE14;&#xE32; &#xE41;&#xE0B;&#xE48;&#xE40;&#xE2D;&#xE35;&#xE49;&#xE22;, &#xE1E;&#xE23;&#xE18;&#xE34;&#xE14;&#xE32; &#xE40;&#xE17;&#xE1E;&#xE1B;&#xE23;&#xE30;&#xE2A;&#xE34;&#xE17;&#xE18;&#xE34;&#xE4C;, &#xE20;&#xE39;&#xE29;&#xE34;&#xE15;&#xE32; &#xE44;&#xE0A;&#xE22;&#xE2A;&#xE21;&#xE1A;&#xE31;&#xE15;&#xE34;.</subfield>
  </datafield>
  <datafield tag="260" ind1=" " ind2=" ">
    <subfield code="a">&#xE1E;&#xE34;&#xE29;&#xE13;&#xE38;&#xE42;&#xE25;&#xE01; : </subfield>
    <subfield code="b">&#xE27;&#xE34;&#xE17;&#xE22;&#xE32;&#xE25;&#xE31;&#xE22;&#xE1E;&#xE25;&#xE31;&#xE07;&#xE07;&#xE32;&#xE19;&#xE17;&#xE14;&#xE41;&#xE17;&#xE19; &#xE21;&#xE2B;&#xE32;&#xE27;&#xE34;&#xE17;&#xE22;&#xE32;&#xE25;&#xE31;&#xE22;&#xE19;&#xE40;&#xE23;&#xE28;&#xE27;&#xE23;, </subfield>
    <subfield code="c">2554.</subfield>
  </datafield>
  <datafield tag="300" ind1=" " ind2=" ">
    <subfield code="a">1 &#xE40;&#xE25;&#xE48;&#xE21; :</subfield>
    <subfield code="b">&#xE15;&#xE32;&#xE23;&#xE32;&#xE07; ;</subfield>
    <subfield code="c">29 &#xE0B;&#xE21;.</subfield>
  </datafield>
  <datafield tag="650" ind1=" " ind2="4">
    <subfield code="a">&#xE40;&#xE0B;&#xE25;&#xE25;&#xE4C;&#xE41;&#xE2A;&#xE07;&#xE2D;&#xE32;&#xE17;&#xE34;&#xE15;&#xE22;&#xE4C;</subfield>
    <subfield code="9">35378</subfield>
    <subfield code="z">&#xE44;&#xE17;&#xE22; </subfield>
  </datafield>
  <datafield tag="650" ind1=" " ind2="0">
    <subfield code="a">&#xE1E;&#xE25;&#xE31;&#xE07;&#xE07;&#xE32;&#xE19;&#xE17;&#xE14;&#xE41;&#xE17;&#xE19;</subfield>
    <subfield code="9">15903</subfield>
  </datafield>
  <datafield tag="650" ind1=" " ind2="0">
    <subfield code="a">&#xE1E;&#xE25;&#xE31;&#xE07;&#xE07;&#xE32;&#xE19;&#xE41;&#xE2A;&#xE07;&#xE2D;&#xE32;&#xE17;&#xE34;&#xE15;&#xE22;&#xE4C;</subfield>
    <subfield code="9">23510</subfield>
  </datafield>
  <datafield tag="650" ind1=" " ind2="4">
    <subfield code="a">&#xE04;&#xE32;&#xE23;&#xE4C;&#xE1A;&#xE2D;&#xE19;&#xE44;&#xE14;&#xE2D;&#xE2D;&#xE01;&#xE44;&#xE0B;&#xE14;&#xE4C; </subfield>
    <subfield code="9">35380</subfield>
    <subfield code="x">&#xE01;&#xE32;&#xE23;&#xE25;&#xE14;&#xE1B;&#xE23;&#xE34;&#xE21;&#xE32;&#xE13;</subfield>
  </datafield>
  <datafield tag="650" ind1=" " ind2="4">
    <subfield code="a">&#xE42;&#xE23;&#xE07;&#xE44;&#xE1F;&#xE1F;&#xE49;&#xE32;&#xE1E;&#xE25;&#xE31;&#xE07;&#xE41;&#xE2A;&#xE07;&#xE2D;&#xE32;&#xE17;&#xE34;&#xE15;&#xE22;&#xE4C;</subfield>
    <subfield code="9">35379</subfield>
  </datafield>
  <datafield tag="700" ind1="0" ind2=" ">
    <subfield code="9">35374</subfield>
    <subfield code="a">&#xE20;&#xE39;&#xE29;&#xE34;&#xE15;&#xE32; &#xE44;&#xE0A;&#xE22;&#xE2A;&#xE21;&#xE1A;&#xE31;&#xE15;&#xE34;</subfield>
  </datafield>
  <datafield tag="700" ind1="0" ind2=" ">
    <subfield code="9">35375</subfield>
    <subfield code="a">&#xE01;&#xE32;&#xE19;&#xE14;&#xE32; &#xE41;&#xE0B;&#xE48;&#xE40;&#xE2D;&#xE35;&#xE49;&#xE22;</subfield>
  </datafield>
  <datafield tag="700" ind1="0" ind2=" ">
    <subfield code="9">35376</subfield>
    <subfield code="a">&#xE1E;&#xE23;&#xE18;&#xE34;&#xE14;&#xE32; &#xE40;&#xE17;&#xE1E;&#xE1B;&#xE23;&#xE30;&#xE2A;&#xE34;&#xE17;&#xE18;&#xE34;&#xE4C;</subfield>
  </datafield>
  <datafield tag="850" ind1=" " ind2=" ">
    <subfield code="a">NALT</subfield>
  </datafield>
  <datafield tag="942" ind1=" " ind2=" ">
    <subfield code="c">RSH</subfield>
    <subfield code="2">lcc</subfield>
  </datafield>
  <datafield tag="998" ind1=" " ind2=" ">
    <subfield code="j">1020</subfield>
    <subfield code="k"> &#xE08;&#xE33;&#xE40;&#xE23;&#xE35;&#xE22;&#xE07; &#xE23;&#xE30;&#xE27;&#xE31;&#xE07;&#xE2A;&#xE33;&#xE42;&#xE23;&#xE07;</subfield>
  </datafield>
  <datafield tag="952" ind1=" " ind2=" ">
    <subfield code="0">0</subfield>
    <subfield code="1">0</subfield>
    <subfield code="2">lcc</subfield>
    <subfield code="4">0</subfield>
    <subfield code="7">0</subfield>
    <subfield code="8">CRSH</subfield>
    <subfield code="a">NALT</subfield>
    <subfield code="b">NALT</subfield>
    <subfield code="e">&#xE1A;&#xE23;&#xE34;&#xE08;&#xE32;&#xE04;</subfield>
    <subfield code="l">0</subfield>
    <subfield code="o">&#xE27; TJ 811.5.T5 &#xE1B;327&#xE01; 2554</subfield>
    <subfield code="p">3961189282</subfield>
    <subfield code="r">2017-06-09 00:00:00</subfield>
    <subfield code="w">2017-06-09</subfield>
    <subfield code="y">RSH</subfield>
  </datafield>
</record>
